000 00333nam a22001457a 4500
999 _c522601
_d522601
003 NUST
038 _awaseem
082 _a297.071
_bISL
100 _aBukhari, A.S.
_98683
245 _aIslamic Education /
_cA..S. Bukhari
260 _aLahore :
_bAziz Book,
_c2010.
300 _a495 p. ;
500 _aPaperback.
942 _2ddc
_cBK